Mistrzowie konstruktorów Formuły 1 - Statystyki

Ogólne statystyki
  • Ten quiz został rozwiązany 370 razy
    221 od ostatniego zresetowania
  • Średni wynik to 8 z 15
Statystyki odpowiedzi
Zwycięstwa Zespół % Poprawnych
16 Ferrari
99%
8 Mercedes
97%
6 Red Bull
95%
10 McLaren
94%
2 Renault
82%
9 Williams
82%
1 Brawn
54%
7 Lotus
53%
1 Benetton
49%
2 Brabham
34%
1 Tyrrell
26%
2 Cooper
21%
1 BRM
19%
1 Vanwall
16%
1 Matra
14%
Nie znaleziono quizów pasujących do podanych kryteriów
Rozkład punktacji
Procent ludzi z każdym wynikiem
Percentyl według liczby udzielonych odpowiedzi
Twoja historia wyników
Nie rozwiązałeś tego quizu od ostatniego zresetowania